Yearbook of the United Nations 1968
Salvato in:
| Autore principale: | |
|---|---|
| Natura: | Libro |
| Lingua: | Undetermined |
| Pubblicazione: |
New York
Office of Public Information
1968
|
| Soggetti: | |
| Tags: |
Aggiungi Tag
Nessun Tag, puoi essere il primo ad aggiungerne! !
|
| Thư viện lưu trữ: | Trung tâm Học liệu Trường Đại học Cần Thơ |
|---|
| LEADER | 00500nam a2200181Ia 4500 | ||
|---|---|---|---|
| 001 | CTU_25975 | ||
| 008 | 210402s9999 xx 000 0 und d | ||
| 082 | |a 341.23 | ||
| 082 | |b U58/1968 | ||
| 100 | |a United Nations | ||
| 245 | 0 | |a Yearbook of the United Nations 1968 | |
| 245 | 0 | |c United Nations | |
| 260 | |a New York | ||
| 260 | |b Office of Public Information | ||
| 260 | |c 1968 | ||
| 650 | |a international law | ||
| 904 | |i Minh, 981003 | ||
| 980 | |a Trung tâm Học liệu Trường Đại học Cần Thơ | ||